Italian Region Flags - Statistics

General Stats
  • This quiz has been taken 213 times
  • The average score is 16 of 20
Answer Stats
Picture Answer % Correct
Sicily
93%
Sardinia
92%
Calabria
91%
Marche
90%
Emilia-Romagna
89%
Apulia
87%
Lazio
86%
Molise
86%
Veneto
81%
Lombardy
80%
Tuscany
78%
Piedmont
74%
Campania
70%
Liguria
69%
Aosta Valley
67%
Umbria
67%
Abruzzo
65%
Basilicata
64%
Trentino-South Tyrol
64%
Friuli-Venezia Giulia
60%
No matching quizzes found
Score Distribution
Percent of People with Each Score
Percentile by Number Answered
Your Score History
You have not taken this quiz